| 000 | 00429nam a2200157Ia 4500 | ||
|---|---|---|---|
| 008 | 131103s9999 xx 000 0 und d | ||
| 040 | _aLoreto College | ||
| 041 | _aEnglish | ||
| 082 |
_a370.1/NCTE _bLCBED/12820 |
||
| 245 |
_aSixth all india educational survey _b Selected statistics |
||
| 260 |
_aNew Delhi _bNCERT _c1998 |
||
| 300 |
_a84p _b ill. _c 26cm. |
||
| 650 | _aEducation | ||
| 850 | _aLCBED/370.1/NCTE | ||
| 942 | _cBK | ||
| 999 |
_c34622 _d85101 |
||